100 Biggest Cities of England on a Map - Statistics

General Stats
  • This quiz has been taken 5,579 times
  • The average score is 48 of 100
Answers on the Map
Answers color-coded by a green-red scale on the quiz's map according to % correct below.
 
Answer Stats
Population Cities or Towns % Correct
9,047,570 London
99%
563,561 Manchester
97%
586,889 Liverpool
96%
1,160,254 Birmingham
95%
287,535 Newcastle upon Tyne
91%
511,164 Leeds
90%
577,246 Bristol
88%
269,750 Southampton
85%
162,291 Oxford
84%
552,143 Sheffield
83%
244,917 Brighton and Hove
82%
148,861 Cambridge
82%
472,558 Leicester
82%
315,987 Nottingham
82%
197,212 Norwich
81%
239,677 Plymouth
81%
164,369 York
79%
288,028 Kingston upon Hull
77%
248,929 Portsmouth
77%
382,073 Coventry
70%
145,821 Blackpool
69%
125,819 Exeter
69%
148,742 Ipswich
69%
197,383 Bournemouth
68%
264,654 Derby
68%
220,873 Wolverhampton
68%
174,807 Sunderland
67%
229,482 Reading
66%
278,137 Stoke-on-Trent
66%
103,614 Bath
64%
366,187 Bradford
64%
230,031 Northampton
64%
221,502 Luton
63%
87,983 Chester
61%
106,415 Lincoln
61%
177,354 Middlesbrough
60%
147,509 Gloucester
58%
178,805 Peterborough
55%
99,760 Preston
54%
102,791 Worcester
54%
120,932 Blackburn
52%
184,824 Milton Keynes
52%
205,411 Bolton
51%
138,131 Colchester
51%
185,111 Southend-on-Sea
50%
141,651 Watford
50%
192,408 Swindon
48%
116,834 Doncaster
47%
171,809 Huddersfield
47%
107,732 Wigan
42%
88,323 Grimsby
40%
164,770 Slough
38%
117,073 Cheltenham
37%
108,606 Oldham
37%
159,449 Poole
37%
122,657 Salford
37%
98,924 Barnsley
36%
111,481 Rotherham
35%
111,694 Stockport
35%
112,198 Crawley
34%
93,378 Bedford
33%
118,759 Chelmsford
33%
114,809 Eastbourne
32%
93,539 Hastings
32%
172,684 Warrington
31%
89,469 Chesterfield
30%
90,074 Hartlepool
29%
119,905 Maidstone
29%
113,893 Rochdale
29%
152,222 Telford
29%
107,546 Wakefield
29%
108,584 Gillingham
28%
123,813 High Wycombe
28%
145,775 Birkenhead
27%
93,305 Darlington
26%
92,923 Halifax
26%
93,902 Southport
26%
94,081 Stevenage
26%
122,249 Gateshead
25%
87,749 St Albans
25%
107,854 Woking
25%
115,191 Worthing
25%
83,583 Scunthorpe
24%
105,127 St Helens
24%
114,402 Basingstoke
23%
127,898 Solihull
23%
88,485 Weston-super-Mare
22%
117,681 Basildon
20%
86,611 Guildford
20%
84,813 Dudley
19%
138,206 Sale
18%
84,492 Stockton-on-Tees
17%
102,870 Hemel Hempstead
16%
88,950 Aylesbury
15%
90,429 Nuneaton
15%
107,531 Sutton Coldfield
13%
83,470 Eastleigh
10%
87,189 Harlow
10%
99,556 Rayleigh
9%
85,067 Bracknell
7%
No matching quizzes found
Score Distribution
Percent of People with Each Score
Percentile by Number Answered
Your Score History
You have not taken this quiz